First Lady First Names - Statistics

General Stats
  • This quiz has been taken 145 times
  • The average score is 32 of 50
Answer Stats
President First Lady % Correct
44 Barack Obama Michelle
97%
42 Bill Clinton Hillary
95%
45 Donald Trump Melania
93%
47 Donald Trump Melania
93%
1 George Washington Martha
92%
3 Thomas Jefferson Martha
92%
41 George H. W. Bush Barbara
89%
32 Franklin D. Roosevelt Eleanor
89%
40 Ronald Reagan Nancy
89%
46 Joe Biden Jill
88%
38 Gerald Ford Elizabeth "Betty"
86%
35 John F. Kennedy Jacqueline "Jackie"
86%
34 Dwight Eisenhower Mary "Mamie"
86%
16 Abraham Lincoln Mary
84%
21 Chester A. Arthur Mary
84%
33 Harry S. Truman Elizabeth "Bess"
76%
43 George W. Bush Laura
76%
37 Richard Nixon Thelma "Pat"
76%
17 Andrew Johnson Eliza
72%
2 John Adams Abigail
71%
13 Millard Fillmore Abigail
71%
5 James Monroe Elizabeth
67%
36 Lyndon B. Johnson Claudia "Lady Bird"
66%
14 Franklin Pierce Jane
63%
9 William Henry Harrison Anna
62%
4 James Madison Dolley
62%
39 Jimmy Carter Rosalynn
62%
7 Andrew Jackson Sarah
57%
11 James K. Polk Sarah
57%
31 Herbert Hoover Lou
55%
28 Woodrow Wilson Ellen
53%
27 William Taft Helen "Nellie"
51%
12 Zachary Taylor Margaret "Maggie"
50%
30 Calvin Coolidge Grace
49%
20 James A. Garfield Lucretia
49%
10 John Tyler Julia
47%
18 Ulysses S. Grant Julia
47%
19 Rutherford B. Hayes Lucy
47%
26 Theodore Roosevelt Edith
43%
28 Woodrow Wilson Edith
43%
22 Grover Gleveland Frances
43%
24 Grover Cleveland Frances
43%
6 John Quincy Adams Louisa
42%
23 Benjamin Harrison Caroline
41%
25 William McKinley Ida
39%
29 Warren Harding Florence
38%
15 James Buchanan Harriet
36%
8 Martin Van Buren Hannah
30%
22 Grover Cleveland Rose
29%
10 John Tyler Letitia
26%
No matching quizzes found
Score Distribution
Percent of People with Each Score
Percentile by Number Answered
Your Score History
You have not taken this quiz